Suosituimmat tyttöjen etunimet 2024 - Statistics

Yleistilastot
  • Tätä visaa on pelattu 589 kertaa
  • Keskiarvotulos 22 / 50
Vastaustilastot
ak. NIMI % Oikein
O Olivia
94%
E Elli
81%
E Ella
78%
A Aino
72%
E Ellen
68%
S Sofia
68%
A Aada
67%
V Venla
65%
E Emma
64%
H Helmi
61%
E Emilia
60%
L Lilja
57%
E Enni
55%
V Vilma
55%
E Elsa
54%
O Oona
54%
L Linnea
52%
A Aava
49%
E Eevi
48%
H Hilma
47%
I Isla
46%
P Pihla
45%
L Lotta
44%
A Alisa
43%
N Nella
43%
A Alina
41%
I Ilona
41%
H Hilla
40%
V Viola
40%
A Amanda
38%
L Lumi
38%
R Ronja
38%
H Hilda
37%
B Bea
36%
K Kerttu
36%
M Minea
35%
S Seela
35%
A Alma
34%
E Elsi
32%
M Matilda
32%
L Livia
26%
V Vivian
26%
S Selma
25%
F Frida
24%
A Aurora
23%
A Amelia
21%
M Mette
21%
L Luna
18%
A Alva
17%
E Elea
15%
Ehtoja vastaavia visoja ei löytynyt
Tulosjakauma
Jokaisen tuloksen saaneiden osuus
Persentiili vastausten määrän mukaan
Tuloshistoriasi
Et ole pelannut tätä visaa